[Event "Gelsenkirchen Koenigsspringer op"]
[Site "Gelsenkirchen"]
[Date "2019.12.28"]
[Round "4"]
[White "Neumann, Bernd"]
[Black "Meiler, Wolfgang"]
[Result "0-1"]
[WhiteElo "1322"]
[BlackElo "1209"]
[PlyCount "42"]
[EventDate "2019.12.27"]
[EventType "swiss"]
[EventRounds "7"]
[EventCountry "GER"]
[SourceTitle "CBM 194 Extra"]
[Source "ChessBase"]
[SourceDate "2020.03.31"]
[SourceVersion "1"]
[SourceVersionDate "2020.03.31"]
[SourceQuality "1"]

1. e4 c5 2. Nf3 d5 3. Bb5+ Nd7 4. d3 a6 5. Ba4 b5 6. Bb3 Ngf6 7. Ng5 e6 8. Nf3 Be7 9. h3 0-0 10. 0-0 Bb7 11. Bf4 e5 12. Bg3 Nb6 13. Bh4 c4 14. dxc4 bxc4 15. Nc3 cxb3 16. axb3 Nxe4 17. Bxe7 Qxe7 18. Re1 f5 19. Ra5 Rad8 20. Kh1 Nxf2+ 21. Kg1 Nxd1 0-1

[Event "Gelsenkirchen Koenigsspringer op"]
[Site "Gelsenkirchen"]
[Date "2019.12.27"]
[Round "1"]
[White "Pazdzior, Johann"]
[Black "Neumann, Bernd"]
[Result "1-0"]
[WhiteElo "1848"]
[BlackElo "1322"]
[PlyCount "49"]
[EventDate "2019.12.27"]
[EventType "swiss"]
[EventRounds "7"]
[EventCountry "GER"]
[SourceTitle "CBM 194 Extra"]
[Source "ChessBase"]
[SourceDate "2020.03.31"]
[SourceVersion "1"]
[SourceVersionDate "2020.03.31"]
[SourceQuality "1"]

1. d4 Nf6 2. Nf3 d5 3. g3 e6 4. Bg2 Nc6 5. 0-0 Bd6 6. c4 dxc4 7. Nc3 a6 8. e4 Bb4 9. Qc2 Bxc3 10. bxc3 0-0 11. e5 Nd5 12. Ng5 g6 13. Ne4 b6 14. Bh6 Re8 15. Bg5 Qd7 16. Bf6 Nce7 17. Qc1 Nf5 18. g4 Nxf6 19. Nxf6+ Kg7 20. Nxd7 Bxd7 21. gxf5 Rab8 22. f6+ Kh8 23. Qh6 Rg8 24. f4 Rbf8 25. f5 1-0

[Event "GER-Cup16 email"]
[Site "GER email"]
[Date "2009.??.??"]
[Round "?"]
[White "Maedel, Detlef"]
[Black "Neumann, Bernd"]
[Result "0-1"]
[WhiteElo "2218"]
[BlackElo "2218"]
[PlyCount "59"]
[EventDate "2008.??.??"]
[EventType "tourn (corr)"]
[EventRounds "6"]
[EventCountry "GER"]
[SourceTitle "Corr 2011"]
[Source "ChessBase"]
[SourceDate "2010.08.31"]
[SourceVersion "1"]
[SourceVersionDate "2010.08.31"]
[SourceQuality "1"]

1. d4 d5 2. c4 dxc4 3. e4 e5 4. Nf3 exd4 5. Bxc4 Nc6 6. 0-0 Be6 7. Bb5 Bc5 8. b4 Bb6 9. Bxc6+ bxc6 10. Bb2 Nf6 11. Nxd4 Nxe4 12. Nxe6 Qxd1 13. Nxg7+ Kf8 14. Rxd1 Nxf2 15. Rd7 Nd3+ 16. Kh1 Nxb2 17. Nf5 Nc4 18. Nd2 Nxd2 19. Rxd2 Rg8 20. Rf1 Rg6 21. a4 a5 22. bxa5 Bxa5 23. Rd7 Bc3 24. Rxc7 Re6 25. g3 Be5 26. Rd7 Rxa4 27. Rd8+ Re8 28. Rd7 Re6 29. Rd8+ Re8 30. Rd7 0-1